00626cam a22002291 4500001001300000003000400013005001700017008004100034010001700075035002000092040001800112042001200130043001200142050001800154100005100172245006300223260001100286300001900297500001600316650004700332999001700379sa 64005674 DLC20260227112034.0890522s1963 ii 000 0 beno  asa 64005674  a(OCoLC)19747065 aDLCcWaUdDLC apremarc aa-ii---00aPK1701b.B4451 aBhaṭṭācārya, Āśutosha,d1909-1984.10aĀdhunika Bāṃlā sāhityera saṃkshipta itihāsa. c[1963] a435 p.c23 cm. aIn Bengali. 0aBengali literaturexHistory and criticism. c59259d59259